000 01342nam a2200337Ia 4500
001 ebr10597146
003 CaPaEBR
006 m u
007 cr cn|||||||||
008 010411s2001 vaua sbq s001 0 eng d
010 _z 2001002172
020 _z0813920752
020 _z0813920760
020 _z9780813920757
020 _z9780813920764
020 _z9780813921952
040 _aCaPaEBR
_cCaPaEBR
035 _a(OCoLC)812925038
050 1 4 _aPN1995.9.J57
_bB59 2001eb
100 1 _aBlaetz, Robin,
_d1955-
245 1 0 _aVisions of the maid
_h[electronic resource] :
_bJoan of Arc in American film and culture /
_cRobin Blaetz.
260 _aCharlottesville :
_bUniversity Press of Virginia,
_cc2001.
300 _axvii, 279 p. :
_bill.
440 0 _aCultural frames, framing culture
504 _aIncludes bibliographical references (p. 231-248), filmography and indexes.
533 _aElectronic reproduction.
_bPalo Alto, Calif. :
_cebrary,
_d2011.
_nAvailable via World Wide Web.
_nAccess may be limited to ebrary affiliated libraries.
600 0 0 _aJoan,
_cof Arc, Saint,
_d1412-1431
_xIn motion pictures.
655 7 _aElectronic books.
_2local
710 2 _aebrary, Inc.
856 4 0 _uhttp://site.ebrary.com/lib/rucke/Doc?id=10597146
_zAn electronic book accessible through the World Wide Web; click to view
999 _c212694
_d212694